| 000 | 00526cam a2200205ua 4500 | ||
|---|---|---|---|
| 020 |
_a81-7233-045-6 _c450.00 |
||
| 041 |
_aeng _h |
||
| 082 |
_a028.72631 _bBUY/CA |
||
| 100 | _aBuyalski, C P. | ||
| 245 |
_aCanal systems automation manual / _cC P Buyalski. _hTextual Documents |
||
| 250 |
_a1 / _b. |
||
| 260 |
_aJodhpur : _bScientific Publishers , _c1992. |
||
| 300 | _a113 ; . | ||
| 365 | _a450.00 | ||
| 504 | _a | ||
| 700 | 1 | _aEhler, D G . | |
| 700 | 1 | _aFalvey, H T . | |
| 942 | _cBK | ||
| 999 |
_c5529 _d5529 |
||